[Event "Izhevsk op-A"]
[Site "Izhevsk"]
[Date "2010.07.21"]
[Round "7"]
[White "Deriabina, Svetlana"]
[Black "Khazieva, Elza"]
[Result "1/2-1/2"]
[WhiteElo "2114"]
[BlackElo "1895"]
[PlyCount "147"]
[EventDate "2010.07.15"]
[EventType "swiss"]
[EventRounds "9"]
[EventCountry "RUS"]
[SourceTitle "CBM 137 Extra"]
[Source "ChessBase"]
[SourceDate "2010.09.01"]
[SourceVersion "1"]
[SourceVersionDate "2010.09.01"]
[SourceQuality "1"]

1. d4 Nf6 2. c4 e6 3. Nc3 Bb4 4. Qc2 d5 5. a3 Bxc3+ 6. Qxc3 Ne4 7. Qc2 0-0 8. e3 Nd7 9. Bd3 f5 10. f3 Nd6 11. b3 dxc4 12. bxc4 c5 13. Bb2 b5 14. Ne2 Qh4+ 15. g3 Qh5 16. 0-0 Qh6 17. Nf4 bxc4 18. Bxc4 Nb6 19. dxc5 Ndxc4 20. cxb6 Nxe3 21. Qc6 Nxf1 22. Rxf1 Ba6 23. b7 Bxb7 24. Qxb7 Rfb8 25. Qc6 Rc8 26. Qxe6+ Qxe6 27. Nxe6 Rc2 28. Rf2 Rac8 29. Nd4 Rxf2 30. Kxf2 g6 31. Ke3 Kf7 32. Kd3 Rb8 33. Bc3 Rb1 34. Nc6 Rb3 35. Ne5+ Ke6 36. Nc4 Kd5 37. a4 Rb1 38. Ne3+ Kc6 39. g4 fxg4 40. Nxg4 Rh1 41. Be5 Kd5 42. Bc7 h5 43. Ne3+ Kc6 44. Be5 Rb1 45. a5 a6 46. h4 Rb4 47. Bf6 Rf4 48. Bg5 Rxf3 49. Ke4 Rf8 50. Nc4 Kb5 51. Ne5 Re8 52. Bd2 Rd8 53. Be3 Re8 54. Bb6 Re6 55. Kd5 Rf6 56. Bd8 Rf8 57. Be7 Rf5 58. Ke6 Kxa5 59. Nxg6 Rf1 60. Bg5 Kb5 61. Nf4 a5 62. Nxh5 a4 63. Ng3 Rf3 64. Ne2 Kc4 65. Nc1 a3 66. h5 Kc3 67. h6 Rh3 68. Kf5 Kb2 69. Ne2 a2 70. Bf6+ Kb1 71. Nc3+ Kb2 72. Ne4+ Kb1 73. Nd2+ Kc2 74. Kg6 1/2-1/2

[Event "Izhevsk op-A"]
[Site "Izhevsk"]
[Date "2010.07.18"]
[Round "4"]
[White "Deriabina, Svetlana"]
[Black "Severiukhina, Zoja"]
[Result "1/2-1/2"]
[WhiteElo "2114"]
[BlackElo "2341"]
[PlyCount "44"]
[EventDate "2010.07.15"]
[EventType "swiss"]
[EventRounds "9"]
[EventCountry "RUS"]
[SourceTitle "CBM 137 Extra"]
[Source "ChessBase"]
[SourceDate "2010.09.01"]
[SourceVersion "1"]
[SourceVersionDate "2010.09.01"]
[SourceQuality "1"]

1. d4 Nf6 2. c4 c5 3. d5 e6 4. Nc3 exd5 5. cxd5 d6 6. Nf3 g6 7. Bf4 a6 8. a4 Bg7 9. h3 0-0 10. e3 Nh5 11. Bh2 f5 12. Be2 f4 13. 0-0 Nd7 14. Nd2 fxe3 15. fxe3 Qg5 16. Rxf8+ Nxf8 17. Bxh5 Qxe3+ 18. Kh1 gxh5 19. Nc4 Qd4 20. Nb6 Qb4 21. Nxa8 Qxb2 22. Rc1 Bxc3 1/2-1/2

[Event "Izhevsk op-A"]
[Site "Izhevsk"]
[Date "2010.07.15"]
[Round "1"]
[White "Deriabina, Svetlana"]
[Black "Krutko, Anatoly"]
[Result "1-0"]
[WhiteElo "2114"]
[BlackElo "2417"]
[PlyCount "101"]
[EventDate "2010.07.15"]
[EventType "swiss"]
[EventRounds "9"]
[EventCountry "RUS"]
[SourceTitle "CBM 137 Extra"]
[Source "ChessBase"]
[SourceDate "2010.09.01"]
[SourceVersion "1"]
[SourceVersionDate "2010.09.01"]
[SourceQuality "1"]

1. d4 Nf6 2. c4 c5 3. d5 e6 4. Nc3 exd5 5. cxd5 d6 6. Bf4 Nh5 7. Qa4+ Bd7 8. Qe4+ Qe7 9. Bxd6 Qxe4 10. Nxe4 b6 11. Bxf8 Rxf8 12. e3 f5 13. Nc3 a6 14. a4 Bc8 15. Nf3 Nd7 16. Ng5 Ndf6 17. 0-0-0 h6 18. Nf3 Bb7 19. Ne5 0-0-0 20. Be2 g5 21. Nc4 Kc7 22. Bf3 g4 23. d6+ Kb8 24. Bxb7 Kxb7 25. f3 Rfe8 26. Rhe1 Nd7 27. e4 Nf4 28. Rd2 gxf3 29. gxf3 Ne5 30. Nxe5 Rxe5 31. Rg1 Kc6 32. exf5 Re3 33. Rg4 Nd3+ 34. Kb1 Rxd6 35. Rg6 c4 36. Ne4 Re1+ 37. Ka2 Rxg6 38. fxg6 Rg1 39. b3 b5 40. axb5+ axb5 41. bxc4 bxc4 42. Ng3 Re1 43. g7 Re8 44. Nf5 Ra8+ 45. Kb1 Rb8+ 46. Kc2 Kc5 47. Re2 Rb2+ 48. Kd1 Rb1+ 49. Kd2 Rg1 50. Ng3 Kd4 51. Re4+ 1-0

[Event "Privolzhskogo FO-ch (Women)"]
[Site "Izhevsk"]
[Date "2010.01.04"]
[Round "2"]
[White "Deriabina, Svetlana"]
[Black "Bibilashvili, Anna"]
[Result "1-0"]
[WhiteElo "2127"]
[BlackElo "1908"]
[PlyCount "55"]
[EventDate "2010.01.04"]
[EventType "swiss"]
[EventRounds "9"]
[EventCountry "RUS"]
[SourceTitle "CBM 134 Extra"]
[Source "ChessBase"]
[SourceDate "2010.03.03"]
[SourceVersion "1"]
[SourceVersionDate "2010.03.03"]
[SourceQuality "1"]

1. d4 Nf6 2. c4 e6 3. Nc3 Bb4 4. Qc2 c5 5. dxc5 Na6 6. Nf3 Nxc5 7. Bd2 0-0 8. e3 b6 9. Be2 Bb7 10. 0-0 Qe7 11. a3 Bxc3 12. Bxc3 Be4 13. Qd1 Rfd8 14. b4 Nb7 15. Nd4 Rac8 16. f3 Bg6 17. Qa4 Nd6 18. c5 Nf5 19. Ba6 bxc5 20. Nxf5 exf5 21. Bxf6 Qxf6 22. Bxc8 Rxc8 23. Qxd7 Rd8 24. Qxa7 c4 25. Rfd1 Rc8 26. Qd4 Qe7 27. Rac1 Qc7 28. Qd6 1-0

[Event "Izhevsk op"]
[Site "Izhevsk"]
[Date "2009.07.22"]
[Round "8"]
[White "Lykov, Sergey"]
[Black "Deriabina, Svetlana"]
[Result "0-1"]
[WhiteElo "2206"]
[BlackElo "2071"]
[PlyCount "84"]
[EventDate "2009.07.15"]
[EventType "swiss"]
[EventRounds "9"]
[EventCountry "RUS"]
[SourceTitle "EXT 2010"]
[Source "ChessBase"]
[SourceDate "2010.11.25"]
[SourceVersion "1"]
[SourceVersionDate "2010.11.25"]
[SourceQuality "1"]

1. e4 c5 2. Nf3 e6 3. d3 d5 4. Nbd2 g6 5. g3 Bg7 6. Bg2 Ne7 7. 0-0 0-0 8. c3 Nbc6 9. Re1 d4 10. c4 Rb8 11. Rb1 e5 12. a3 a5 13. Nb3 b6 14. Na1 b5 15. cxb5 Rxb5 16. Nb3 Be6 17. Nbd2 Nc8 18. Nc4 Bxc4 19. dxc4 Rb7 20. Nd2 Nd6 21. Qa4 Qc7 22. Nb3 Qb6 23. Na1 Rfb8 24. Bf1 Qc7 25. Bd3 h5 26. Qc2 Kh7 27. Rf1 Qe7 28. Bd2 Bh6 29. f4 h4 30. Rf2 Qd7 31. Kg2 a4 32. f5 Be3 33. fxg6+ fxg6 34. Rf3 h3+ 35. Kh1 Qg4 36. Rbf1 Rxb2 37. Qxa4 Rxd2 38. Qxc6 Rb1 39. Rf7+ Nxf7 40. Bxb1 Qe2 41. Rxf7+ Kh6 42. Rh7+ Kg5 0-1

[Event "Izhevsk op"]
[Site "Izhevsk"]
[Date "2009.07.19"]
[Round "5"]
[White "Deriabina, Svetlana"]
[Black "Bronnikov, Konstantin Alexandr"]
[Result "1/2-1/2"]
[WhiteElo "2071"]
[BlackElo "2249"]
[PlyCount "97"]
[EventDate "2009.07.15"]
[EventType "swiss"]
[EventRounds "9"]
[EventCountry "RUS"]
[SourceTitle "EXT 2010"]
[Source "ChessBase"]
[SourceDate "2010.11.25"]
[SourceVersion "1"]
[SourceVersionDate "2010.11.25"]
[SourceQuality "1"]

1. d4 d5 2. c4 e6 3. cxd5 exd5 4. Nc3 c6 5. Nf3 Bf5 6. Bg5 Qb6 7. Qd2 h6 8. Bh4 Nd7 9. e3 g5 10. Bg3 Ngf6 11. a3 Nh5 12. Be5 f6 13. Bg3 Nxg3 14. hxg3 Bd6 15. b4 Kf7 16. Bd3 Be6 17. Qc2 a5 18. b5 Rac8 19. Na4 Qc7 20. b6 Qd8 21. Nc5 Bxc5 22. dxc5 Qe7 23. Rc1 Ne5 24. Bh7 Nxf3+ 25. gxf3 Kf8 26. Bg6 Kg7 27. Ke2 d4 28. Rcd1 Rcd8 29. g4 dxe3 30. fxe3 Bf7 31. Bxf7 Qxf7 32. Kf2 Qe6 33. Qc3 a4 34. Rd4 Rhe8 35. Rhd1 Rxd4 36. Rxd4 Re7 37. Rxa4 Qa2+ 38. Kg3 Qb1 39. Kf2 Qh1 40. Re4 Qh2+ 41. Ke1 Rxe4 42. fxe4 Qg1+ 43. Kd2 Qxg4 44. Qd4 Qe6 45. Qd8 Qa2+ 46. Ke1 Qb1+ 47. Kd2 Qb2+ 48. Kd1 Qb1+ 49. Kd2 1/2-1/2

[Event "Voronezh op-B 13th"]
[Site "Voronezh"]
[Date "2009.06.15"]
[Round "4"]
[White "Provkin, Vladimir"]
[Black "Deriabina, Svetlana"]
[Result "0-1"]
[WhiteElo "2254"]
[BlackElo "2071"]
[PlyCount "106"]
[EventDate "2009.06.12"]
[EventType "swiss"]
[EventRounds "9"]
[EventCountry "RUS"]
[SourceTitle "CBM 130 Extra"]
[Source "ChessBase"]
[SourceDate "2009.07.02"]
[SourceVersion "2"]
[SourceVersionDate "2009.07.15"]
[SourceQuality "1"]

1. d4 d5 2. Bg5 Nd7 3. Nf3 Ngf6 4. e3 e6 5. c4 c6 6. cxd5 exd5 7. Nc3 Qa5 8. Nd2 Ne4 9. Ncxe4 dxe4 10. Bh4 c5 11. d5 f5 12. Be2 Bd6 13. f4 0-0 14. 0-0 b5 15. Kh1 Nb6 16. Be1 b4 17. a3 Qa4 18. Qxa4 Nxa4 19. Nc4 Ba6 20. axb4 Bxc4 21. Bxc4 Nxb2 22. Bb3 cxb4 23. Ra6 Rfd8 24. Bh4 Rd7 25. Rb1 Nd3 26. Ba4 Nc5 27. Bxd7 Nxa6 28. Bxf5 Re8 29. Be1 Bc5 30. Ra1 Nc7 31. Rc1 Na6 32. Ra1 b3 33. Bc3 Nc7 34. Be5 Nxd5 35. Ra5 Bb6 36. Rb5 Nxe3 37. Bxe4 Rc8 38. h4 Rc1+ 39. Kh2 Ng4+ 40. Kg3 h5 41. Rxb3 Re1 42. Bd5+ Kh7 43. Bb2 Bf2+ 44. Kf3 Bxh4 45. g3 Bf6 46. Ba3 Bd4 47. Be4+ Kh6 48. Rd3 Rf1+ 49. Ke2 Rf2+ 50. Ke1 Bf6 51. Bc1 Ra2 52. f5+ Kh7 53. Kd1 Nf2+ 0-1

[Event "Krakow op-A 19th"]
[Site "Krakow"]
[Date "2008.12.29"]
[Round "4"]
[White "Deriabina, Svetlana"]
[Black "Kalvaitis, Sigitas"]
[Result "0-1"]
[WhiteElo "2066"]
[BlackElo "2230"]
[PlyCount "102"]
[EventDate "2008.12.26"]
[EventType "swiss"]
[EventRounds "9"]
[EventCountry "POL"]
[SourceTitle "CBM 128 Extra"]
[Source "ChessBase"]
[SourceDate "2009.03.05"]
[SourceVersion "2"]
[SourceVersionDate "2009.03.25"]
[SourceQuality "1"]

1. d4 e6 2. e4 d5 3. Nd2 c5 4. exd5 Qxd5 5. Ngf3 cxd4 6. Bc4 Qd6 7. 0-0 Nf6 8. Nb3 Nc6 9. Nbxd4 Nxd4 10. Nxd4 a6 11. c3 Qc7 12. Bb3 Bd6 13. h3 Bd7 14. Bg5 0-0-0 15. Ba4 Qa5 16. Bxd7+ Rxd7 17. Bxf6 gxf6 18. Qe2 Rg8 19. f4 Bc5 20. Kh1 Bxd4 21. cxd4 Rxd4 22. Qc2+ Kb8 23. Qxh7 Rg3 24. Kh2 Rdd3 25. Qh4 Rg6 26. Rf2 f5 27. Rc1 Qxa2 28. Qe7 Qb3 29. Qh4 Rg8 30. Qh7 Rdg3 31. Rcc2 Ka7 32. Qh5 R8g7 33. Rcd2 Qe3 34. Qh4 f6 35. Rde2 Qb3 36. Rc2 e5 37. fxe5 fxe5 38. Rce2 f4 39. Qh5 R7g5 40. Qh8 Qd5 41. Rd2 Rd3 42. Rde2 f3 43. Qf6 e4 44. gxf3 Rf5 45. fxe4 Rxh3+ 46. Kxh3 Qd3+ 47. Kh2 Rxf6 48. Rxf6 Qxe2+ 49. Kg3 Qxe4 50. Rf2 a5 51. Rd2 Qe3+ 0-1

[Event "Krakow op-A 19th"]
[Site "Krakow"]
[Date "2008.12.28"]
[Round "2"]
[White "Galyga, Zbigniew"]
[Black "Deriabina, Svetlana"]
[Result "0-1"]
[WhiteElo "2204"]
[BlackElo "2066"]
[PlyCount "64"]
[EventDate "2008.12.26"]
[EventType "swiss"]
[EventRounds "9"]
[EventCountry "POL"]
[SourceTitle "CBM 128 Extra"]
[Source "ChessBase"]
[SourceDate "2009.03.05"]
[SourceVersion "2"]
[SourceVersionDate "2009.03.25"]
[SourceQuality "1"]

1. d4 d5 2. Nf3 Nf6 3. c4 dxc4 4. e3 e6 5. Bxc4 a6 6. 0-0 b5 7. Bd3 Bb7 8. a4 b4 9. Nbd2 c5 10. Qe2 cxd4 11. exd4 Be7 12. Rd1 0-0 13. Nc4 Nc6 14. Bf4 b3 15. Rac1 Nb4 16. Bb1 Nbd5 17. Be5 Bc6 18. Ng5 Bxa4 19. Rd3 g6 20. Rg3 Rc8 21. Qd2 Nh5 22. Nxe6 fxe6 23. Qh6 Ndf4 24. Rxg6+ Kf7 25. Bxf4 Nxf4 26. Rg7+ Ke8 27. Qxh7 Ne2+ 28. Kh1 Nxc1 29. Bg6+ Kd7 30. Nb6+ Qxb6 31. Rxe7+ Kd6 32. Rd7+ Bxd7 0-1

[Event "Krakow op-A 19th"]
[Site "Krakow"]
[Date "2008.12.27"]
[Round "1"]
[White "Deriabina, Svetlana"]
[Black "Klim, Kamil"]
[Result "1/2-1/2"]
[WhiteElo "2066"]
[BlackElo "2249"]
[PlyCount "96"]
[EventDate "2008.12.26"]
[EventType "swiss"]
[EventRounds "9"]
[EventCountry "POL"]
[SourceTitle "CBM 128 Extra"]
[Source "ChessBase"]
[SourceDate "2009.03.05"]
[SourceVersion "2"]
[SourceVersionDate "2009.03.25"]
[SourceQuality "1"]

1. e4 c5 2. c3 Nf6 3. e5 Nd5 4. Nf3 Nc6 5. d4 cxd4 6. cxd4 d6 7. Bc4 Nb6 8. Bb3 e6 9. 0-0 Be7 10. Nc3 dxe5 11. dxe5 Nd7 12. Qe2 g5 13. Bxe6 fxe6 14. Nxg5 Ndxe5 15. Qh5+ Ng6 16. Nce4 Qd4 17. Be3 Qg7 18. Nf3 Bd7 19. b4 e5 20. Bh6 Qf7 21. b5 Nd4 22. Nxe5 Qd5 23. Nxd7 Qxd7 24. Bg7 Qf5 25. Qxf5 Nxf5 26. Bxh8 Nxh8 27. Rac1 Rd8 28. Rfe1 Nd6 29. Nf6+ Kf7 30. Nd5 Ng6 31. Nxe7 Nxe7 32. Rc7 Ndc8 33. g3 b6 34. Rec1 Kf6 35. R1c4 Rd1+ 36. Kg2 Nd6 37. Rf4+ Ke6 38. Rxa7 h6 39. a4 Nd5 40. Rf8 Rd2 41. Rh7 Nf6 42. Rxh6 Nde4 43. g4 Ke5 44. g5 Ng4 45. Rhh8 Ngxf2 46. Kf3 Rd3+ 47. Kg2 Rd2 48. Kf3 Rd3+ 1/2-1/2

[Event "Kostroma Volga Cup op"]
[Site "Kostroma"]
[Date "2008.07.??"]
[Round "6"]
[White "Deriabina, Svetlana"]
[Black "Khobotova, Olesia"]
[Result "1/2-1/2"]
[WhiteElo "2113"]
[BlackElo "1931"]
[PlyCount "150"]
[EventDate "2008.07.??"]
[EventType "swiss"]
[EventRounds "9"]
[EventCountry "RUS"]
[SourceTitle "EXT 2009"]
[Source "ChessBase"]
[SourceDate "2008.11.26"]
[SourceVersion "1"]
[SourceVersionDate "2008.11.26"]
[SourceQuality "1"]

1. e4 d5 2. exd5 Qxd5 3. Nc3 Qd6 4. Nf3 Nf6 5. d3 a6 6. Be3 Nc6 7. h3 h6 8. Qd2 g5 9. g4 Bg7 10. Bg2 Be6 11. 0-0-0 0-0-0 12. Ng1 Nb4 13. a3 Nbd5 14. Nge2 Nxc3 15. Nxc3 Bd5 16. f3 Qc6 17. Ne4 Nxe4 18. fxe4 Be6 19. Qb4 Qb5 20. Qxb5 axb5 21. Bc5 Rhe8 22. Rhf1 Be5 23. Be3 Bd4 24. Bd2 c5 25. c3 Bf6 26. Be3 b4 27. Bxc5 bxc3 28. bxc3 Bb3 29. d4 Bxd1 30. Rxd1 e6 31. Rf1 Be7 32. Bb4 Rd7 33. Kb2 Rh8 34. Kb3 Bxb4 35. axb4 h5 36. Bf3 h4 37. Be2 Kd8 38. Bb5 Rc7 39. d5 Ke7 40. c4 exd5 41. exd5 Rd8 42. Rd1 b6 43. Kc3 Ra7 44. Kb3 Rc7 45. Re1+ Kd6 46. Rf1 Re7 47. Rf3 Kc7 48. Kc3 Ra8 49. Kd4 Ra1 50. c5 bxc5+ 51. bxc5 Rd1+ 52. Bd3 Kd8 53. d6 Ra7 54. c6 Ra6 55. Kc5 Rc1+ 56. Bc4 Rxc6+ 57. Kxc6 Rxc4+ 58. Kd5 Rc1 59. Rxf7 Rd1+ 60. Ke6 Re1+ 61. Kf6 Rh1 62. Kxg5 Rxh3 63. Rh7 Rd3 64. Kxh4 Rxd6 65. g5 Ke8 66. Kh5 Kf8 67. Rh6 Rd1 68. Ra6 Kg7 69. Ra7+ Kg8 70. Kh6 Rd6+ 71. g6 Rd8 72. Rf7 Rd1 73. Rf5 Rh1+ 74. Kg5 Kg7 75. Rf7+ Kg8 1/2-1/2

[Event "Kostroma Volga Cup op"]
[Site "Kostroma"]
[Date "2008.07.??"]
[Round "7"]
[White "Dolgova, Tamara"]
[Black "Deriabina, Svetlana"]
[Result "1-0"]
[WhiteElo "1907"]
[BlackElo "2113"]
[PlyCount "77"]
[EventDate "2008.07.??"]
[EventType "swiss"]
[EventRounds "9"]
[EventCountry "RUS"]
[SourceTitle "EXT 2009"]
[Source "ChessBase"]
[SourceDate "2008.11.26"]
[SourceVersion "1"]
[SourceVersionDate "2008.11.26"]
[SourceQuality "1"]

1. e4 c5 2. Nf3 e6 3. d4 cxd4 4. c3 d5 5. e5 dxc3 6. Nxc3 Nc6 7. Bb5 Qc7 8. 0-0 a6 9. Ba4 b5 10. Bb3 Nxe5 11. Nxe5 Qxe5 12. Re1 Qd6 13. Nxd5 Qd8 14. Bf4 Bd6 15. Bxd6 Qxd6 16. Rc1 Rb8 17. Qg4 Kf8 18. Ne3 Nf6 19. Qh4 Bd7 20. Rcd1 Qc5 21. Rd3 h6 22. Red1 g5 23. Qg3 Rd8 24. Ng4 Nxg4 25. Qxg4 Ke7 26. Rc3 Qe5 27. Qb4+ Ke8 28. Rcd3 Rh7 29. a4 Rg7 30. axb5 axb5 31. Qd2 Qc7 32. Rd6 Rg6 33. Bc2 Rf6 34. Be4 Ke7 35. Qb4 Ke8 36. Bc6 Qa7 37. Qd2 Rf5 38. Bxd7+ Kf8 39. Bxe6 1-0

[Event "Voronezh op-B"]
[Site "Voronezh"]
[Date "2008.06.20"]
[Round "9"]
[White "Gerasko, Viacheslav"]
[Black "Deriabina, Svetlana"]
[Result "0-1"]
[WhiteElo "2046"]
[BlackElo "2121"]
[PlyCount "100"]
[EventDate "2008.06.12"]
[EventType "swiss"]
[EventRounds "9"]
[EventCountry "RUS"]
[SourceTitle "CBM 125 Extra"]
[Source "ChessBase"]
[SourceDate "2008.09.01"]
[SourceVersion "1"]
[SourceVersionDate "2008.09.01"]
[SourceQuality "1"]

1. d4 d5 2. Nf3 Nf6 3. c4 dxc4 4. e3 e6 5. Bxc4 a6 6. 0-0 b5 7. Be2 Bb7 8. Ne5 Nbd7 9. Bf3 Bd5 10. Bxd5 Nxd5 11. Nc6 Qh4 12. Qc2 Bd6 13. g3 Qg4 14. e4 Qg6 15. Qe2 Nb4 16. Na5 Nb8 17. Rd1 0-0 18. a3 N4c6 19. Nxc6 Nxc6 20. e5 Be7 21. Qf3 Na5 22. Qc3 Nc4 23. b3 Nb6 24. Qd3 Qxd3 25. Rxd3 Rfd8 26. b4 c5 27. bxc5 Bxc5 28. Be3 Nc4 29. Nc3 Bxa3 30. Ne4 Be7 31. Bf4 h6 32. h4 a5 33. Nc3 b4 34. Na4 g5 35. hxg5 hxg5 36. Rc1 Rac8 37. Be3 Nxe5 38. Rxc8 Nxd3 39. Rc7 Bf6 40. Ra7 Rd5 41. Nb6 Rb5 42. Nd7 Kg7 43. Nc5 Nxc5 44. dxc5 b3 45. c6 b2 46. c7 b1Q+ 47. Kg2 Qe4+ 48. Kf1 Rb1+ 49. Ke2 Rb2+ 50. Kd1 Qh1# 0-1

[Event "Voronezh op-B"]
[Site "Voronezh"]
[Date "2008.06.17"]
[Round "6"]
[White "Semenova, Elena"]
[Black "Deriabina, Svetlana"]
[Result "0-1"]
[WhiteElo "2038"]
[BlackElo "2121"]
[PlyCount "52"]
[EventDate "2008.06.12"]
[EventType "swiss"]
[EventRounds "9"]
[EventCountry "RUS"]
[SourceTitle "CBM 125 Extra"]
[Source "ChessBase"]
[SourceDate "2008.09.01"]
[SourceVersion "1"]
[SourceVersionDate "2008.09.01"]
[SourceQuality "1"]

1. e4 c5 2. Nf3 e6 3. d4 cxd4 4. Nxd4 a6 5. f4 b5 6. Bd3 Qb6 7. Nb3 Bb7 8. Qf3 Nf6 9. Nc3 Bb4 10. Bd2 d6 11. 0-0-0 Nbd7 12. a3 Bxc3 13. Bxc3 0-0 14. g4 d5 15. Bxf6 dxe4 16. Bxe4 Bxe4 17. Qxe4 Nxf6 18. Qf3 a5 19. Rd3 a4 20. Nd2 Rac8 21. Kb1 b4 22. Qe3 Qc6 23. Rc1 bxa3 24. Rxa3 Nd5 25. Qe4 Rb8 26. Qxa4 Qxa4 0-1

[Event "Voronezh op-B"]
[Site "Voronezh"]
[Date "2008.06.15"]
[Round "4"]
[White "Borisovsky, Viktor"]
[Black "Deriabina, Svetlana"]
[Result "1/2-1/2"]
[WhiteElo "1996"]
[BlackElo "2121"]
[PlyCount "112"]
[EventDate "2008.06.12"]
[EventType "swiss"]
[EventRounds "9"]
[EventCountry "RUS"]
[SourceTitle "CBM 125 Extra"]
[Source "ChessBase"]
[SourceDate "2008.09.01"]
[SourceVersion "1"]
[SourceVersionDate "2008.09.01"]
[SourceQuality "1"]

1. e4 c5 2. c4 Nc6 3. Nc3 d6 4. f4 g6 5. g3 Bg7 6. Bg2 Be6 7. d3 Qd7 8. Be3 Nh6 9. h3 0-0 10. g4 f5 11. exf5 gxf5 12. g5 Nf7 13. Nf3 Nfd8 14. h4 Nd4 15. h5 Nxf3+ 16. Qxf3 Bf7 17. Qg3 Qe8 18. Bf3 Nc6 19. Nd5 Bxd5 20. cxd5 Nb4 21. h6 Bxb2 22. 0-0 Bh8 23. Rac1 Qf7 24. Qg2 Nxd3 25. Rcd1 Nb2 26. Rc1 Rfc8 27. Rc2 Nd3 28. Rd2 c4 29. Qh1 Kf8 30. Bh5 Qg8 31. Qf3 Nb4 32. a3 c3 33. axb4 cxd2 34. Bxd2 Rc4 35. Qd3 Bd4+ 36. Kg2 Qxd5+ 37. Bf3 Qf7 38. Bxb7 Rb8 39. Ba6 Rcxb4 40. Bxb4 Rxb4 41. Qf3 Qa2+ 42. Be2 Rb2 43. Re1 Qb3 44. Qxb3 Rxb3 45. Bc4 Rb2+ 46. Kf3 Rf2+ 47. Kg3 Rc2 48. Bd3 Rc3 49. Rd1 e5 50. Kg2 Be3 51. Bxf5 Bxf4 52. Bxh7 Bxg5 53. Rxd6 Bxh6 54. Rxh6 Kg7 55. Re6 Kxh7 56. Rxe5 Kg7 1/2-1/2

[Event "Voronezh op-B"]
[Site "Voronezh"]
[Date "2008.06.14"]
[Round "3"]
[White "Deriabina, Svetlana"]
[Black "Ponomarev, Dmitry"]
[Result "0-1"]
[WhiteElo "2121"]
[BlackElo "2213"]
[PlyCount "127"]
[EventDate "2008.06.12"]
[EventType "swiss"]
[EventRounds "9"]
[EventCountry "RUS"]
[SourceTitle "CBM 125 Extra"]
[Source "ChessBase"]
[SourceDate "2008.09.01"]
[SourceVersion "1"]
[SourceVersionDate "2008.09.01"]
[SourceQuality "1"]

1. d4 e6 2. c4 b6 3. Nc3 Bb4 4. e4 Bb7 5. Bd3 f5 6. Qc2 Nf6 7. f3 fxe4 8. fxe4 Nxe4 9. Nf3 Nf6 10. 0-0 Qe7 11. Bg5 Nc6 12. Ne4 0-0-0 13. a3 d5 14. cxd5 exd5 15. Ng3 Bd6 16. Nf5 Qd7 17. Bb5 a6 18. Bxc6 Qxc6 19. Qxc6 Bxc6 20. Nxg7 Rdf8 21. Ne6 Ne4 22. Nxf8 Rxf8 23. Be3 Bb5 24. Rfe1 Rg8 25. Nd2 Bd3 26. Nxe4 Bxe4 27. g3 h5 28. Kf2 h4 29. Rg1 hxg3+ 30. hxg3 Rg4 31. b4 Kb7 32. Ra2 Kc6 33. Rb2 Kb5 34. Ra2 Ka4 35. Raa1 Kb3 36. Bd2 c5 37. bxc5 bxc5 38. dxc5 Bxc5+ 39. Be3 d4 40. Bd2 Rg6 41. Rgc1 Bc2 42. Rab1+ Bxb1 43. Rxc5 Kxa3 44. Kf3 Kb3 45. g4 Rf6+ 46. Ke2 d3+ 47. Ke3 Re6+ 48. Kf3 Re2 49. Bf4 Bc2 50. Ra5 Bd1 51. Kg3 Re6 52. g5 Bh5 53. Kh4 Bg6 54. Kg3 Kc3 55. Ra2 Kb3 56. Ra5 Kc2 57. Ra2+ Kb1 58. Ra5 Bf7 59. Kg4 Rc6 60. Kf5 Kc2 61. Re5 Bg6+ 62. Kg4 Rc4 63. Rd5 Rxf4+ 64. Kxf4 0-1

[Event "RUS-chT (Women)"]
[Site "Sochi"]
[Date "2007.05.10"]
[Round "10"]
[White "Deriabina, Svetlana"]
[Black "Tarasova, Viktoriya"]
[Result "1/2-1/2"]
[WhiteElo "2133"]
[BlackElo "2239"]
[PlyCount "99"]
[EventDate "2007.05.01"]
[EventType "team"]
[EventRounds "11"]
[EventCountry "RUS"]
[SourceTitle "CBM 118 Extra"]
[Source "ChessBase"]
[SourceDate "2007.07.04"]
[SourceVersion "1"]
[SourceVersionDate "2007.07.04"]
[SourceQuality "1"]

1. d4 Nf6 2. c4 g6 3. Nc3 Bg7 4. e4 d6 5. f3 0-0 6. Be3 e5 7. Qd2 c6 8. Nge2 Nbd7 9. 0-0-0 a6 10. g4 b5 11. d5 c5 12. Ng3 Nb6 13. cxb5 axb5 14. Bxb5 Ba6 15. Qe2 Bxb5 16. Qxb5 Qc7 17. Qd3 Nfd7 18. h4 Ra5 19. Nge2 c4 20. Qd2 Rb8 21. Kc2 Nc5 22. Rb1 Nd3 23. Nc1 Nb4+ 24. Kd1 Na4 25. a3 Nxc3+ 26. Qxc3 Na6 27. Rh2 Ra4 28. Qc2 Qd7 29. Na2 Rb3 30. Nc3 Ra5 31. h5 Bf6 32. Qe2 Qc8 33. hxg6 fxg6 34. Qf1 Bd8 35. Rc1 Bb6 36. Bxb6 Rxb6 37. Rhc2 Qf8 38. Nb1 Nc5 39. Nd2 Ra4 40. Nxc4 Rb3 41. Nd2 Rd4 42. Ke2 Rbd3 43. Rd1 Qf4 44. Qf2 Nxe4 45. Rc8+ Kf7 46. Nxe4 Rxd1 47. Nxd6+ Kg7 48. Rc7+ Kg8 49. Rc8+ Kg7 50. Rc7+ 1/2-1/2

[Event "RUS-chT (Women)"]
[Site "Sochi"]
[Date "2007.05.08"]
[Round "8"]
[White "Deriabina, Svetlana"]
[Black "Kuzevanova, Evgenia"]
[Result "0-1"]
[WhiteElo "2133"]
[BlackElo "2176"]
[PlyCount "81"]
[EventDate "2007.05.01"]
[EventType "team"]
[EventRounds "11"]
[EventCountry "RUS"]
[SourceTitle "CBM 118 Extra"]
[Source "ChessBase"]
[SourceDate "2007.07.04"]
[SourceVersion "1"]
[SourceVersionDate "2007.07.04"]
[SourceQuality "1"]

1. d4 e6 2. c4 f5 3. g3 Nf6 4. Bg2 d5 5. Nf3 c6 6. b3 Bd6 7. 0-0 Qe7 8. Bb2 0-0 9. e3 b6 10. Ne5 Bb7 11. Nd2 Nbd7 12. Ndf3 Rac8 13. Qd3 Ne4 14. Nxd7 Qxd7 15. Ne5 Qe7 16. f3 Bxe5 17. dxe5 dxc4 18. bxc4 Rfd8 19. Qc2 Nc5 20. Rfd1 Na6 21. Qc3 b5 22. Rd6 Nc7 23. Rad1 Ne8 24. R6d3 b4 25. Qd2 Rxd3 26. Qxd3 c5 27. f4 Bxg2 28. Kxg2 Nc7 29. Kf3 Na8 30. Qd6 Qe8 31. a3 Nb6 32. Qd3 a5 33. e4 Qh5+ 34. Kg2 fxe4 35. Qd6 Re8 36. Rc1 Qe2+ 37. Kh3 Nxc4 38. Qc6 Qh5+ 39. Kg2 Nxb2 40. Rxc5 Nd3 41. Rc2 0-1

[Event "RUS-chT (Women)"]
[Site "Sochi"]
[Date "2007.05.07"]
[Round "7"]
[White "Deriabina, Svetlana"]
[Black "Kovanova, Baira"]
[Result "1/2-1/2"]
[WhiteElo "2133"]
[BlackElo "2331"]
[PlyCount "40"]
[EventDate "2007.05.01"]
[EventType "team"]
[EventRounds "11"]
[EventCountry "RUS"]
[SourceTitle "CBM 118 Extra"]
[Source "ChessBase"]
[SourceDate "2007.07.04"]
[SourceVersion "1"]
[SourceVersionDate "2007.07.04"]
[SourceQuality "1"]

1. d4 d5 2. c4 c6 3. e3 Nf6 4. Nf3 a6 5. Nbd2 b5 6. b3 Bg4 7. Qc2 Nbd7 8. Bd3 e6 9. 0-0 Be7 10. Bb2 Rc8 11. Rac1 Bxf3 12. Nxf3 0-0 13. Ne5 Nb6 14. c5 Nbd7 15. f4 g6 16. Bc3 Nxe5 17. fxe5 Ng4 18. Qe2 f5 19. exf6 Nxf6 20. Rf4 Qd7 1/2-1/2